| 000 | 00487nam a2200145Ia 4500 | ||
|---|---|---|---|
| 008 | 210719s1983 xx 000 0 und d | ||
| 041 | _aeng | ||
| 082 | _aS891.8 MANG | ||
| 100 | _aMANGALORE UNIVERSITY; | ||
| 245 | _aMANGALORE UNIVERSITY: Ayurveda Bhushana M V Shastry memorial chair in Ayurveda & Sanskrit. First lecture delivered by Dr. Raja Ramanna. | ||
| 260 |
_aMangalore _bMangalore university _c1983 |
||
| 300 |
_a15,xii _bPB |
||
| 365 | _cRs | ||
| 650 | _aSanskrit Miscellaneous | ||
| 999 |
_c213190 _d213190 |
||